Statistiques concernant Personnages historiques (un peu dur tavu)

Cliquez ici pour prendre le quiz!

Statistiques générales

  • Ce quiz a été pris 463 fois
  • Le résultat moyen est 8 sur 16

Statistiques - réponses

Réponse% Correct
vercingétorix
85%
charlemagne
79%
richelieu
67%
rimbaud
67%
catherine de médicis
66%
alexandre le grand
65%
philippe auguste
62%
auguste
57%
la fayette
55%
descartes
47%
olympe de gouges
40%
saint louis
40%
anne de bretagne
36%
blanche de castille
32%
akhenaton
22%
justinien
20%

Distribution des résultats

Percentile par nombre de réponses

% des personnes avec chaque résultat

Votre développement - résultats

Vous n’avez pas pris ce quiz